=LDR 00000nam 2200000 4500 =001 INLIS000000000043957 =005 20131008104020 =008 ***********************************ind** =035 ##$$0010-101300000001879 =041 ##$$a ind =082 ##$$a 340.072 =090 ##$$a 340.072, Sun m =100 ##$$a Sunggono, Bambang =245 ##$$a Metodologi penelitian hukum, Bambang Sunggono =260 ##$$a 2006 $b Jakarta =300 ##$$a xi, 219 hlm, 21 cm =650 ##$$a Hukum Penelitian =850 ##$$a NBPNMAT =990 ##$$a 21196180/BPAP-NTB/2014 =990 ##$$a 21400613/BPAP-NTB/20142014 =990 ##$$a 0001/BPAP-NTB/20142015 =990 ##$$a 0001/BPAP-NTB/2015